L'origine des especes au moyen de la selection naturelle, ou, la lutte pour l'existence dans la nature
Αποθηκεύτηκε σε:
| Κύριος συγγραφέας: | |
|---|---|
| Άλλοι συγγραφείς: | |
| Μορφή: | Βιβλίο |
| Γλώσσα: | French English |
| Δημοσίευση: |
Paris :
C. Reinwald, Libraire Editeur,
1887.
|
| Θέματα: | |
| Ετικέτες: |
Προσθήκη ετικέτας
Δεν υπάρχουν, Καταχωρήστε ετικέτα πρώτοι!
|
MARC
| LEADER | 00000nam a2200000 a 4500 | ||
|---|---|---|---|
| 001 | 1/127201 | ||
| 008 | 230905t1887####fr | ||| |||| ||fre|| | ||
| 040 | |a GR-MyUa |b gre |c GR-MyUa |e AACR2 | ||
| 041 | 1 | |a fre |h eng | |
| 082 | 7 | |a 576.82 |2 (23) | |
| 100 | 1 | |a Darwin, Charles, |d 1809-1882. | |
| 245 | 1 | 2 | |a L'origine des especes au moyen de la selection naturelle, ou, la lutte pour l'existence dans la nature / |c par Charles Darwin, M.A., F.R.S. q traduit sur l'edition anglaise definitive par Ed. Barbier. |
| 260 | |a Paris : |b C. Reinwald, Libraire Editeur, |c 1887. | ||
| 300 | |a xxi, 604 σ. ; |c 24 εκ. | ||
| 504 | |a Περιέχει γλωσσάριο και ευρετήριο. | ||
| 650 | 0 | |a Natural selection | |
| 650 | 0 | |a Evolution (Biology) | |
| 700 | 1 | |a Barbier, Edmond, |d d. 1880, |e trl | |
| 852 | |a INST |b SAMOS |c MOR |e 20230905 |h 576.82 DAR |p 005300047804 |q 005300047804 |t CLO |y 23 | ||
| 970 | |a Γουβάλα |b Βάσω |z 05-09-2023 | ||